Sword of Tipu Sultan: a historical novel about the life and legend of Tipu Sultan of India (Record no. 169675)
[ view plain ]
| 000 -LEADER | |
|---|---|
| fixed length control field | 00677nam a2200217Ia 4500 |
| 003 - CONTROL NUMBER IDENTIFIER | |
| control field | OSt |
| 005 - DATE AND TIME OF LATEST TRANSACTION | |
| control field | 20230411153600.0 |
| 008 - FIXED-LENGTH DATA ELEMENTS--GENERAL INFORMATION | |
| fixed length control field | 210423s2016 xx 000 0 und d |
| 020 ## - INTERNATIONAL STANDARD BOOK NUMBER | |
| International Standard Book Number | 978-81-291-1475-4 |
| 040 ## - CATALOGING SOURCE | |
| Transcribing agency | AL |
| 041 ## - LANGUAGE CODE | |
| Language code of text/sound track or separate title | eng |
| 082 ## - DEWEY DECIMAL CLASSIFICATION NUMBER | |
| Classification number | 823.914 |
| Edition number | 23 |
| Item number | GIDS |
| 100 ## - MAIN ENTRY--PERSONAL NAME | |
| Personal name | GIDWANI (Bhagwan S) |
| 9 (RLIN) | 86319 |
| 245 ## - TITLE STATEMENT | |
| Title | Sword of Tipu Sultan: a historical novel about the life and legend of Tipu Sultan of India |
| 260 ## - PUBLICATION, DISTRIBUTION, ETC. | |
| Place of publication, distribution, etc. | New Delhi |
| Name of publisher, distributor, etc. | Rupa Publications |
| Date of publication, distribution, etc. | 2016 |
| 300 ## - PHYSICAL DESCRIPTION | |
| Extent | 478 |
| Other physical details | PB |
| 365 ## - TRADE PRICE | |
| Price amount | 395 |
| Currency code | INR |
| 650 ## - SUBJECT ADDED ENTRY--TOPICAL TERM | |
| Topical term or geographic name entry element | English Fiction |
| 9 (RLIN) | 86320 |
| 906 ## - LOCAL DATA ELEMENT F, LDF (RLIN) | |
| a | about ; historical ; India ; legend ; life ; novel ; Sultan ; Sultan: ; Sword ; Tipu |
| 942 ## - ADDED ENTRY ELEMENTS (KOHA) | |
| Source of classification or shelving scheme | Dewey Decimal Classification |
| Koha item type | Book |
| Withdrawn status | Lost status | Damaged status | Not for loan | Collection code | Home library | Current library | Date acquired | Source of acquisition | Cost, normal purchase price | Total Checkouts | Full call number | Barcode | Date last seen | Date last checked out | Price effective from | Koha item type |
|---|---|---|---|---|---|---|---|---|---|---|---|---|---|---|---|---|
| MA English | St Aloysius PG Library | St Aloysius PG Library | 12/20/2018 | Navakarnataka | 395.00 | 1 | 823.914 GIDS | PG016177 | 08/24/2022 | 05/23/2022 | 04/26/2021 | Book |